000
00294nam a2200109Ia 4500
008
200302s9999 xx 000 0 und d
100
_a
Julian Weyer and Others
245
_a
Industrial building planning and design
260
_b
Design Media Publishing (UK) Ltd.,
260
_c
2013
300
_a
251
999
_c
7397
_d
7397